书目信息 |
| 题名: |
家庭放声与立体声
|
|
| 作者: | 肖平 编著 | |
| 分册: | ||
| 出版信息: | 北京 科学普及出版社 1983 |
|
| 页数: | 117页 | |
| 开本: | 19cm | |
| 丛书名: | ||
| 单 册: | ||
| 中图分类: | TN912.12 , TN912.2 | |
| 科图分类: | ||
| 主题词: | 立体声技术 , 电声技术 , 语音数据处理 | |
| 电子资源: | ||
| ISBN: | ||
| 000 | 00717nam0 2200277 45 | |
| 001 | 0183005098 | |
| 005 | 20040517085042.2 | |
| 010 | @dCNY0.40 | |
| 091 | @a15051.1077 | |
| 100 | @a19950511d1983 em y0chiy0121 ea | |
| 101 | 0 | @achi |
| 102 | @aCN@b110000 | |
| 105 | @ay z 000yy | |
| 106 | @ar | |
| 200 | 10 | @a家庭放声与立体声@Ajia ting fang sheng yu li ti sheng@f肖平编著 |
| 210 | @a北京@c科学普及出版社@d1983 | |
| 215 | @a117页@d19cm | |
| 606 | @a立体声技术 | |
| 606 | 0 | @a电声技术 |
| 606 | 0 | @a语音数据处理 |
| 690 | @aTN912.12@v3 | |
| 690 | @aTN912.2 | |
| 701 | 0 | @a肖平@Axiao ping@4编著 |
| 801 | 0 | @aCN@b上海图书馆@c20040517 |
| 801 | 2 | @aCN@bNLC@c20040517 |
| 905 | @f2@b89748-749@dTN912.2@e11 | |
| 家庭放声与立体声/肖平编著.-北京:科学普及出版社,1983 |
| 117页;19cm |
| ISBN :CNY0.40 |
| ● |
| 相关链接 |
|
|
|
|
正题名:家庭放声与立体声
索取号:TN912.2/11
 
预约/预借
| 序号 | 登录号 | 条形码 | 馆藏地/架位号 | 状态 | 备注 |
| 1 | 0089748 | 001323669 | 密集书库/ [索取号:TN912.2/11] | 在馆 | |
| 2 | 0089749 | 001323687 | 密集书库/ [索取号:TN912.2/11] | 在馆 | |
| 3 | 0089750 | 001323678 | 第二样本阅览室/ [索取号:TN912.2/11] | 在馆 |